=LDR 00000nam 2200000 4500 =001 INLIS000000000015831 =005 20200910072004 =035 ##$$a 0010-061300000015831 =008 200910################g##########0#ind## =041 ##$$a Ind =082 ##$$a 2x0 =090 ##$$a 2x0, Arr r =100 1#$$a Arroisi, Arman =245 1#$$a Refleksi ajaran tuhan, /$c Arman Arroisi =260 ##$$a Bandung :$b PT. Remaja Rosdakarya,$c 1995 =300 ##$$a VII - 151 hlm., ; $c 10 x 17 cm =650 #4$$a Agama Islam =850 ##$$a NBPNMAT =020 ##$$a 979-514-492-8 =084 ##$$a 2x0 ARR r =250 ##$$a cet.1 =990 ##$$a DW00029948 =990 ##$$a 81.575/pb95 =990 ##$$a 99.018/pro96 =990 ##$$a 86.965/pro-95